Allgemeinwissen Quiz #2 - Statistiken

Allgemein
  • Dieses Quiz wurde 15.625 mal gespielt
    15.370 seit der letzten Aktualisierung
  • Das Durchschnittsergebnis liegt bei 13 aus 20
Antwortstatistiken
Frage Antwort % Korrekt
Welches Land hat die meisten Fußball-Weltmeisterschaften der Herren gewonnen? Brasilien
92%
Was ist die deutsche Übersetzung von dem englischen Wort "sausage"? Wurst
90%
Welches Land umschließt San Marino? Italien
87%
Welche Stadt ist für den Islam am heiligsten? Mekka
86%
Wer war der König der römischen Götter? Jupiter
77%
Wer trat 2011 als Apple Chef zurück? Steve Jobs
76%
Was ist die artenreichste Klasse der Tiere? Insekt
73%
Für das Spielen welches Instruments war der Musiker Jimi Hendrix berühmt? Gitarre
71%
Wer komponierte die "Mondscheinsonate"? Ludwig van Beethoven
69%
Wer hat das berühmte deutsche Gedicht „Der Erlkönig“ verfasst? Johann Wolfgang von Goethe
67%
Was ist das Wort für eine männliche Gans? Gänserich
65%
Wie heißt der Sänger der deutschen Band „Rammstein“? Till Lindemann
65%
Was ist das leichteste und häufigste Element im Universum? Wasserstoff
64%
Was hatte Moses dabei, als er vom Berg Mt. Sinai runterkletterte? Die Zehn Gebote
56%
Welches afrikanische Land hatte einen Ausbruch der Piraterie im frühen 21. Jahrhundert? Somalia
56%
Welches Element wird für Desinfektionsmittel und zur Wasseraufbereitung verwendet? Chlor
44%
Wer war der zweite Bundeskanzler Deutschlands? Ludwig Erhard
38%
Was hat Abebe Bikila an seinem Fuß getragen, als er den Marathonin den 1960 Sommer Olympics gewonnen hat? Nichts
38%
Wie viele Silben hat das längste Wort laut dem Guinness-Buch der Rekorde? 26
37%
Unter allen Städten weltweit mit einer Metropolbevölkerung von über 1 Million Menschen, welche ist die letzte alphabetisch? Zürich
19%
Keine übereinstimmenden Quizze gefunden
Verteilung der Resultate
Anzahl Personen mit jedem Resultat
Perzentil nach korrekt beantworteten Fragen
Ihre Resultats-Entwicklung
Sie haben dieses Quiz seit der letzten Aktualisierung nicht gespielt